000 00656nam 22002173 4500
001 198520
010 _a978-972-20-3854-6
021 _b296525/09
090 _a198520
100 _a20251021d u||y0pory50 ba
200 _aA Minha Primeira Sophia
_fFernando Pinto do Amaral
_gilustrações de Fernanda Fragateiro
205 _a
210 _aAlfragide
_cDom Quixote
_d2009*
215 _a44, [2] p.
_cencadernado
_d24 cm
225 _aO Meu Primeiro...
606 _951
_aLiteratura Juvenil Portuguesa
675 _a821.134.3-93
_vPT
_zpor
700 _93366
_aAmaral
_bFernando Pinto do
_f1960-
801 _aPT
_bBMMN
_gRPC
830 _cAna Caetano
990 _cLIVROS